| 000 | 00389 a2200145 4500 | ||
|---|---|---|---|
| 999 |
_c12185 _d12185 |
||
| 003 | OSt | ||
| 005 | 20231223123012.0 | ||
| 008 | 231223b ||||| |||| 00| 0 eng d | ||
| 020 | _a 978-1909108868 | ||
| 082 |
_a747.8878 _bFIE |
||
| 100 | _aJane Field-Lewis | ||
| 245 | _amy cool houseboat: an inspirational guide to stylish houseboats | ||
| 260 |
_bPavilion Books; _c2015 |
||
| 942 | _2ddc | ||